| 000 | 01492nam0a22003491 4500 | ||
|---|---|---|---|
| 001 | RU\NLR\A2V1719\9542 | ||
| 005 | 20260407120953.0 | ||
| 035 | _a(NLR Aleph) 009851342 | ||
| 090 |
_a10348992 _c10348992 |
||
| 100 | _a20060315d1686 u y0rusy50 ca | ||
| 101 | 0 | _alat | |
| 102 | _aRU | ||
| 200 | 1 | _aDissertatio rhetorica De quaestione an consultum principi plures in sinu reip. tolerare religiones, quam ... praeside M. Jacobo Rechio ... die Januarij a. 1686. propugnabit Theodorus Behmius, Reg. Prussus | |
| 210 |
_aRegiomonti [Kaliningrad] _cEx typographia Reichiana _d1686 |
||
| 215 |
_a[20] с. _d8°(20 см) |
||
| 316 |
_aЭкз. деф.: нет части с. в начале кн. Припл. к: Thegen G. [Disput. De eversione rerumpublicarum].- S.l., [1682?] _536.70.2.306 Аллиг.26 |
||
| 482 | 0 |
_1001RU\NLR\A2V1719\6781 _12001#$a[Disput. De eversione rerumpublicarum] _1700#1$aThegen$bG.$f1651-1729$gGeorg$4070 |
|
| 620 | _dKaliningrad | ||
| 620 | _dKönigsberg | ||
| 700 | 1 |
_6z01790 _aReich _bJ. _f1635-1690 _gJakob _4070 |
|
| 702 | 1 |
_6z02790 _aBehm _bTh. _gTheodor _4570 |
|
| 702 | 1 |
_aReich _bJ. _gJacob _4610 |
|
| 712 | 0 | 2 |
_4610 _8lat _aTypographia reichiana _cRegiomontum _7ba _3RU\NLR\AUTH\8810069499 _9640559 |
| 790 | 1 |
_6z01700 _aRechius _gJacobus _4070 |
|
| 790 | 1 |
_6z02702 _aBehmius _gTheodorus _4570 |
|
| 801 | 0 |
_aRU _bNLR _c20060315 |
|
| 852 |
_aNLR _j36.70.2.306 Аллиг.26 |
||
| 942 | _cBOOK | ||
| 980 | _aNB | ||
| 980 | _ain1719v | ||